Mutación de los sistemas productivos y competencias profesionales : la producción industrial de servicios /

I tiakina i:
Ngā taipitopito rārangi puna kōrero
Kaituhi matua: Zarifian, Philippe (autor)
Hōputu: Pukapuka
Reo:Pāniora
I whakaputaina: Montevideo, Uruguay : OIT, Centro Interamericano de Investigación y Documentación sobre Formación Profesional, 2001, c2001
Rangatū:(Papeles de la Oficina Técnica ; 8)
Ngā marau:
Ngā Tūtohu: Tāpirihia he Tūtohu
Kāore He Tūtohu, Me noho koe te mea tuatahi ki te tūtohu i tēnei pūkete!

MARC

LEADER 00000nam^a2200000^a^4500
001 000165212
005 20250521000000.0
009 20260310101011.349
020 |a 92-9088-056-5 
037 |a Acervo ITESO - Biblioteca 
041 |a ESP 
082 |a 658. 3124  |b PAP V. 8 
100 |a Zarifian, Philippe  |e (autor) 
245 1 0 |a Mutación de los sistemas productivos y competencias profesionales :  |b la producción industrial de servicios /  |c P. Zarifian. 
264 4 |a Montevideo, Uruguay :  |b OIT, Centro Interamericano de Investigación y Documentación sobre Formación Profesional,  |c 2001, c2001 
300 |a 46 p. 
336 |a texto  |b txt  |2 rdacontenido 
337 |a sin mediación  |b n  |2 rdamedio 
338 |a volumen  |b nc  |2 rdasoporte 
440 1 |a (Papeles de la Oficina Técnica ;  |v 8) 
649 |a XX 
650 |a Optimización 
650 |a Productividad 
650 |a Atención al Cliente 
650 |a Prestación del Servicio 
650 |a Calidad en el Servicio 
650 |a Control de Calidad 
650 |a Proceso de Producción 
650 |a Profesiones 
650 |a Competencias (Educación) 
650 |a Competencia Social 
650 |a Desarrollo Profesional 
650 |a Formación y Capacitación Laboral 
650 |a Educación de Adultos 
650 |a Educación Técnica 
650 |a Recursos Humanos 
650 |a Proceso Administrativo 
650 |a Ciencias Administrativas 
740 3 |a El modelo de la competencia y sus consecuencias sobre el trabajo y los oficios profesionales /  |c P. Zarifian. 
910 |a Fondo General 
920 |a Impresos - Libros 
930 |a Colección General 
905 |a 101 
901 |a 0500099286  |b IT1  |c ACC  |u 20250521 
902 |a https://opac.biblio.iteso.mx/vufind/Record/000165212